Design of distributed operating systems (Record no. 164909)
[ view plain ]
| 000 -LEADER | |
|---|---|
| fixed length control field | 00356nam a2200145Ia 4500 |
| 008 - FIXED-LENGTH DATA ELEMENTS--GENERAL INFORMATION | |
| fixed length control field | 231217s9999 xx 000 0 und d |
| 041 ## - LANGUAGE CODE | |
| Language code of text/sound track or separate title | English |
| 082 ## - DEWEY DECIMAL CLASSIFICATION NUMBER | |
| Classification number | 001.642 FOR |
| 100 ## - MAIN ENTRY--PERSONAL NAME | |
| Personal name | Fortier, Paul J |
| 245 #0 - TITLE STATEMENT | |
| Title | Design of distributed operating systems |
| 260 ## - PUBLICATION, DISTRIBUTION, ETC. | |
| Date of publication, distribution, etc. | 1986 |
| Name of publisher, distributor, etc. | Intertext |
| 300 ## - PHYSICAL DESCRIPTION | |
| Extent | 323 |
| 650 ## - SUBJECT ADDED ENTRY--TOPICAL TERM | |
| Topical term or geographic name entry element | Operating systems |
| 942 ## - ADDED ENTRY ELEMENTS (KOHA) | |
| Koha item type | Books |
| Date last seen | Total checkouts | Full call number | Accession number | Date due | Date last checked out | Cost, total (INR) price | Price effective from | Category | Public note | Lost status | Damaged status | Department | Withdrawn status | Home library | Current library | Entry date | Vendor | Cost, normal purchase price | Grants | Billnumber | Billdate | Currency symbol | Conversion rate | Discount | Old discount |
|---|---|---|---|---|---|---|---|---|---|---|---|---|---|---|---|---|---|---|---|---|---|---|---|---|---|
| 01/04/2024 | 1 | 001.642 FOR | 9977 | 24/08/2001 | 01/04/2024 | 80.75 | 26/01/2024 | Books | Issued to MCA/3219/Prabhu Salimath | Central Library | Central Library | Central Library | 26/04/1997 | Alpha | 95.00 | CS | 1415 | 06/12/1999 | RS | 1 | 14.25 | 15 |
